Los Gracos y el comienzo de las guerras civiles
محفوظ في:
| المؤلف الرئيسي: | |
|---|---|
| التنسيق: | كتاب |
| اللغة: | الإسبانية |
| منشور في: |
Madrid
Akal
1990
|
| سلاسل: | Akal, Historia del Mundo Antiguo. Roma, 42
|
| الموضوعات: | |
| الوسوم: |
إضافة وسم
لا توجد وسوم, كن أول من يضع وسما على هذه التسجيلة!
|
MARC
| LEADER | 00000nam a2200000 a 4500 | ||
|---|---|---|---|
| 001 | UCX2968 | ||
| 003 | CL-VaPUC | ||
| 008 | 910910e19900000SP |||||||||||||||||spa|d | ||
| 082 | 0 | 4 | |a 937.05 |b ROD |2 21 |
| 100 | 0 | |a Rodríguez Neila, Juan Francisco |e author |9 319095 | |
| 245 | 1 | 4 | |a Los Gracos y el comienzo de las guerras civiles |
| 300 | |a 79 p | ||
| 942 | |c BK | ||
| 945 | |d 19910910 00:00:00 | ||
| 260 | |a Madrid |b Akal |c 1990 | ||
| 650 | 0 | |a Historia |9 255047 | |
| 651 | 0 | |a Roma |9 255106 | |
| 583 | |a last modification |c 19910910 00:00:00 |k Rodrigo Vera | ||
| 490 | 0 | |a Akal, Historia del Mundo Antiguo. Roma, 42 | |
| 999 | |c 223862 |d 223860 | ||
| 952 | |0 0 |1 0 |4 0 |6 937_050000000000000_ROD_1990 |7 0 |8 A |9 220086 |a BIBHIS |b BIBHIS |d 2019-11-15 |i 288755K |o 937.05 ROD 1990 |p 288755K |r 2025-01-20 |w 2019-11-15 |y BK |k HIS | ||